Polskie województwa po kształcie - Statystyki

Ogólne statystyki
  • Ten quiz został rozwiązany 437 razy
  • Średni wynik to 9 z 16
Statystyki odpowiedzi
Obrazkowy Odpowiedź % Poprawnych
pomorskie
95%
zachodniopomorskie
93%
podkarpackie
80%
lubuskie
78%
wielkopolskie
73%
warmińsko-mazurskie
69%
mazowieckie
65%
lubelskie
59%
śląskie
56%
kujawsko-pomorskie
53%
małopolskie
45%
dolnośląskie
42%
opolskie
38%
podlaskie
38%
świętokrzyskie
31%
łódzkie
28%
Nie znaleziono quizów pasujących do podanych kryteriów
Rozkład punktacji
Procent ludzi z każdym wynikiem
Percentyl według liczby udzielonych odpowiedzi
Twoja historia wyników
Nie rozwiązałeś tego quizu